000 00613nam a2200241 a 4500
999 _c9523
_d9523
001 9523
003 BD-JhCC
005 20180318122521.0
008 180318s1967 u a|||| || | 001 0 eng d
035 _a(BD-JhCC)9523
040 _aBD-JhCC
_dBD-JhCC
041 _aeng
082 _a353.03
_bBEL 1967
100 _aBell, Jack
245 _aThe Presidency :
_bOffice of Power /
_cJack Bell,
260 _aBoston :
_bAllyn and bacon, Inc
_c1967.
300 _a182 p. :
_bill. ;
_c22 cm.
504 _aIncludes Index
650 _aPresidents
650 _aExecutive, Power
942 _2ddc
_cBK